Normal view
MARC view
- Wadi ie Kaghan
Entry Topical Term
001 - CONTROL NUMBER
- control field: 5320
003 - CONTROL NUMBER IDENTIFIER
- control field: NUST
005 - DATE AND TIME OF LATEST TRANSACTION
- control field: 20171010113513.0
008 - FIXED-LENGTH DATA ELEMENTS
- fixed length control field: 171010|| aca||aabn | a|a d
040 ## - CATALOGING SOURCE
- Original cataloging agency: NUST
- Transcribing agency: NUST
150 ## - HEADING--TOPICAL TERM
- Topical term or geographic name entry element: Wadi ie Kaghan
670 ## - SOURCE DATA FOUND
- Source citation: Work cat.: (NUST)0: Sahab, Mansaf Khan 5319, Vadī-yi Kag̲h̲ān :, 2007
